000 00571nam a2200229Ia 4500
003 OSt
005 20221005120804.0
006 a|||||r|||| 00| 0
007 ta
008 221004b |||||||| |||| 00| 0 urd d
024 _a10359
037 _cTextual
040 _aCRL
_cCRL
_burd
041 _2urd
_aurd
082 _aP168:4xM01k, M3.2
100 _aHussain Naqwi
_9629653
245 0 _aFarhang e Anees
260 _c1983
650 _aURDU LITERATURE
942 _hP168:4xM01k, M3.2
_cTEXL
_2cc
999 _c1039131
_d1039131